Estatísticas para Campeões Brasileiros de Futebol

Clique aqui para jogar o quiz

Estatísticas Gerais

  • Esse quiz foi jogado 37 356 vezes
    (37 153 desde o último reset)
  • A pontuação média é 15 de 17

Estatísticas das Respostas

AnoTime% Correto
2020-19, 2009, 1992, 1983-82, 1980Flamengo
100%
2018, 2016, 1994-93, 1973-72, 1969, 1967(x2) 1960Palmeiras
99%
2017, 2015, 2011, 2005, 1999-98, 1990Corinthians
98%
2008-2006, 1991, 1986, 1977São Paulo
98%
2021, 1971Atlético Mineiro
96%
2012, 2010, 1984, 1970Fluminense
96%
2004, 2002, 1968, 1965-61Santos
96%
2000, 1997, 1989, 1974Vasco da Gama
96%
1996, 1981Grêmio
95%
1995, 1968Botafogo
94%
2014-13, 2003, 1966Cruzeiro
94%
1979, 1976-75Internacional
93%
1988, 1959Bahia
87%
2001Athletico Paranaense
83%
1987Sport Recife
83%
1985Coritiba
71%
1978Guarani
63%

Distribuição das Pontuações

Percentil de Números Respondidos

Porcentagem de Pessoas com Cada Pontuação

Sua Pontuação Histórica

Você não jogou esse quiz desde o último reset